[Event "7th CHN-RUS w Rapid"]
[Site "Ningbo CHN"]
[Date "2010.08.11"]
[Round "3"]
[White "Kosintseva,N"]
[Black "Huang Qian"]
[Result "1/2-1/2"]
[WhiteElo "2551"]
[BlackElo "2447"]

1.e4 d5 2.exd5 Qxd5 3.Nc3 Qd6 4.d4 Nf6 5.Nf3 c6 6.Ne5 Nbd7 7.f4 Qc7 8.Bd3 e6
9.O-O Be7 10.Qf3 O-O 11.Kh1 c5 12.Be3 a6 13.Rae1 cxd4 14.Bxd4 Nc5 15.Ng4 Nxg4
16.Qxg4 f6 17.Bc4 b5 18.Bxc5 bxc4 19.Bxe7 Qxe7 20.f5 exf5 21.Qxc4+ Qf7 22.Nd5 Be6
23.Nxf6+ Qxf6 24.Qxe6+ Qxe6 25.Rxe6 Rfc8 26.c3 Rab8 27.Re2 g6 28.Rd1 Rd8
29.Red2 Rxd2 30.Rxd2 Kf7 31.Kg1 Ke6 32.Kf2 g5 33.g3 a5 34.b3 a4 35.Rb2 h5
36.Ke3 Ke5 37.c4 h4 38.b4 hxg3 39.hxg3 f4+ 40.gxf4+ gxf4+ 41.Kd3 f3 42.Ke3 f2
43.Kxf2 Kd4 44.a3 Kxc4 45.Rd2 Rf8+ 46.Ke2 Re8+ 47.Kf3 Re1 48.Re2 Rd1 49.Re3 Rd8
50.Ke2 Rh8 51.Kd2 Rh2+ 52.Re2 Rh4 53.Kc2 Rh3 54.Kb2 Rb3+ 55.Ka2 Rh3 56.Rc2+ Kd3
57.Kb2 Rh5 58.Rg2 Rh3 59.Rc2 Rh5 60.Rc3+ Kd4 61.Rc7 Rh2+ 62.Rc2 Rh3 63.Rg2 Kd3
64.Rf2 Rg3 65.Rh2 Rf3 66.Rc2 Rf5 67.Rc3+ Kd4 68.Rc8 Rh5 69.Rd8+ Kc4 70.Rc8+ Kd4
71.Rc2 Kd3 72.Rg2 Rh3 73.Ka2 Kc4 74.Rc2+ Kd3 75.Rb2 Kc4 76.Rg2 Rh4 77.Kb2 Rh3
78.Rc2+ Kd4 79.Ka2 Rh5 80.Rg2 Rh3 81.Rb2 Rh6 82.Rc2 Kd3 83.Kb2 Rh5 84.Rc3+ Kd4
85.Rc2 Kd3 86.Rg2 Rh3 87.Ka2 Kc4 88.Rc2+ Kd3 89.Rb2 Kc4 90.Rc2+ Kd3 91.Rc5 Rh2+
92.Kb1 Rh1+ 93.Rc1 Rh5 94.Rg1 Rh3 95.Rc1 Rh5 96.Ka1 Kd4 97.Kb2 Rh2+ 98.Rc2 Rh5
99.Rd2+ Kc4 100.Rg2 Rh3 101.Rg4+ Kd3 102.Rg2 Kc4 103.Ka2 Rh5 104.Rc2+ Kd4
105.Kb2 Rh3 106.Rd2+ Kc4 107.Rg2 Rb3+ 108.Ka2 Rh3 109.Rb2 Kd4 110.b5 Rh7
111.Rb4+ Kc5 112.Kb2 Rb7 113.Kc3 Rxb5 114.Rxa4 Kb6 115.Rb4 Ka5 116.Kb3 Rh5
117.Ra4+ Kb5 118.Rb4+ Ka5 119.Ra4+  1/2-1/2

[Event "Open"]
[Site "Olomouc CZE"]
[Date "2010.08.11"]
[Round "8"]
[White "Jasny,S"]
[Black "Cagasik,T"]
[Result "1-0"]
[WhiteElo "2323"]
[BlackElo "2238"]

1.e4 d5 2.exd5 Qxd5 3.Nc3 Qd6 4.d4 Nf6 5.Nf3 a6 6.Bc4 Bf5 7.Qe2 Nc6 8.Be3 e6
9.O-O-O Na5 10.d5 Nxc4 11.dxe6 Qb4 12.exf7+ Kxf7 13.Qxc4+ Qxc4 14.Ne5+ Ke6
15.Nxc4 b5 16.Nd2 Bd6 17.Nf3 Kf7 18.h3 Rhe8 19.g4 Bc8 20.Rhe1 Bb7 21.Nd4 b4
22.Nce2 Bg2 23.Nf5 Bxh3 24.Nxd6+ cxd6 25.g5 Ng4 26.Nf4 Nxe3 27.Rxe3 Rxe3
28.fxe3 Bf5 29.Rd5 g6 30.Kd2 Rc8 31.Nd3 Bxd3 32.Kxd3 Rc5 33.Rxc5 dxc5 34.Ke4 Ke6
35.c3 bxc3 36.bxc3 a5 37.a4 Kd6 38.Kf4 Kd5 39.e4+ Kd6 40.e5+ Ke6 41.Ke4  1-0

[Event "Negroponte Open"]
[Site "Chalkis GRE"]
[Date "2010.08.12"]
[Round "4"]
[White "Friedel,J"]
[Black "Dounis,A"]
[Result "1-0"]
[WhiteElo "2527"]
[BlackElo "2235"]

1.e4 d5 2.exd5 Qxd5 3.Nc3 Qd6 4.d4 Nf6 5.Nf3 g6 6.Nb5 Qb6 7.c4 c6 8.c5 Qa5+
9.Nc3 Ne4 10.Qb3 Bg7 11.Bc4 O-O 12.O-O Nxc3 13.bxc3 b5 14.Bd3 Be6 15.Qc2 Nd7
16.Re1 Rfe8 17.a4 Bg4 18.Bd2 bxa4 19.Ng5 Nf6 20.h3 Bd7 21.Rxa4 Qc7 22.Qa2 Nd5
23.Ra1 e5 24.Rxa7 Rxa7 25.Qxa7 Qd8 26.c4 Nf4 27.Bxf4 exf4 28.Nf3 Qc8 29.Rb1 Bxh3
30.gxh3 Qxh3 31.Qxf7+ Kxf7 32.Ng5+ Kg8 33.Nxh3 Bxd4 34.Nxf4 Bxc5 35.Rb7 Bd6
36.Ne2 Bc5 37.Kg2 Rf8 38.f4 Re8 39.Rd7 Re3 40.Ng3 Kf8 41.Be4 Rc3 42.Rxh7 Rxc4
43.Kf3 Rc3+ 44.Kg4 Bf2 45.Nh1 Be1 46.Bxg6 c5 47.Rf7+ Kg8 48.Re7 Rc1 49.f5 Rc4+
50.Kf3 Rc3+ 51.Re3 Rxe3+ 52.Kxe3 c4 53.Ke2 Bh4 54.Nf2 Bf6 55.Ne4 Bd4 56.Nd6 c3
57.Kd3 Kf8 58.Nb5 c2 59.Kxc2 Ba1 60.Kd3 Ke7 61.Ke4 Bb2 62.Kd5 Ba1 63.Nd4 Kf6
64.Nc6 Bb2 65.Kd6 Ba3+ 66.Kd7 Bc5 67.Nd8 Ba3 68.Nf7 Bb4 69.Nd6 Ba3 70.Ne4+ Kg7
71.Ke6 Bb2 72.Be8 Ba1 73.f6+ Bxf6 74.Nxf6 Kf8 75.Bh5 Kg7 76.Ng4 Kf8 77.Kf6 Kg8
78.Ne5 Kf8 79.Bg6 Kg8 80.Nf7 Kf8 81.Bh7 Ke8 82.Ne5 Kd8 83.Ke6 Kc7 84.Nd7 Kc6
85.Bd3 Kc7 86.Be4 Kd8 87.Kd6 Ke8 88.Bg6+ Kd8 89.Bf7 Kc8 90.Nc5 Kd8 91.Nb7+ Kc8
92.Kc6 Kb8 93.Kb6 Kc8 94.Be6+ Kb8 95.Bh3 Ka8 96.Nc5  1-0

[Event "XI Miquel Mas Open"]
[Site "Figueres ESP"]
[Date "2010.08.12"]
[Round "2"]
[White "Padrosa Baro,C"]
[Black "Gallegos Saliner,J"]
[Result "1-0"]
[WhiteElo "1862"]
[BlackElo "1560"]

1.e4 d5 2.exd5 Qxd5 3.Nc3 Qd6 4.d4 Nf6 5.Nf3 a6 6.Be2 Nc6 7.O-O Bf5 8.a3 e6
9.Be3 Be7 10.Qd2 O-O-O 11.Rad1 h6 12.Qc1 g5 13.b4 Nb8 14.Ne5 Rh7 15.Bf3 Nfd7
16.Nc4  1-0

[Event "Open"]
[Site "Olomouc CZE"]
[Date "2010.08.12"]
[Round "9"]
[White "Chojnowski,M"]
[Black "Sponheim,O"]
[Result "0-1"]
[WhiteElo "2162"]
[BlackElo "2281"]

1.e4 d5 2.exd5 Qxd5 3.Nc3 Qd6 4.d4 Nf6 5.g3 Bg4 6.Nf3 Nc6 7.Bg2 O-O-O 8.h3 Bh5
9.g4 Bg6 10.Be3 a6 11.O-O e5 12.dxe5 Nxe5 13.g5 Qxd1 14.Rfxd1 Rxd1+ 15.Rxd1 Nfd7
16.Nxe5 Nxe5 17.h4 Ng4 18.Bh3 Bf5 19.Bd4 Ne3 20.Bxf5+ Nxf5 21.h5 Be7 22.h6 Nxd4
23.Rxd4 Rg8 24.Nd5 Bd8 25.hxg7 Rxg7 26.f4 f6 27.Ne3 fxg5 28.f5 Bf6 29.Re4 Bxb2
30.Nd5 c6 31.Nb6+ Kc7 32.Nc4 Bc3 33.Re6 Rd7 34.Kg2 b5 35.Ne5 Bxe5 36.Rxe5 Rd5
37.Re7+ Kd6 38.Rxh7 Rxf5 39.Ra7 Rc5 40.Rxa6 Rxc2+ 41.Kf3 Rc4 42.Ra3 Kc5 43.Re3 Kb4
44.Rb3+ Ka4 45.Re3 b4 46.Re5 g4+ 47.Kg3 Rc2 48.Kxg4 Rxa2 49.Rc5 b3 50.Rxc6 b2
51.Rb6 Ka3 52.Kf3 Ra1 53.Ke2 b1=Q  0-1

[Event "7th CHN-RUS w Rapid"]
[Site "Ningbo CHN"]
[Date "2010.08.13"]
[Round "13"]
[White "Kosintseva,N"]
[Black "Huang Qian"]
[Result "1-0"]
[WhiteElo "2551"]
[BlackElo "2447"]

1.e4 d5 2.exd5 Qxd5 3.Nc3 Qd6 4.d4 c6 5.Nf3 Bg4 6.Be2 Nf6 7.h3 Bxf3 8.Bxf3 e6
9.Bg5 Nbd7 10.Qd2 Qb4 11.O-O Be7 12.a3 Qb6 13.Ne2 O-O 14.c4 Rad8 15.Qc2 Qc7
16.Bf4 Bd6 17.Be3 Rfe8 18.Nc3 Bf4 19.Rad1 h6 20.b4 a6 21.Ne2 Bd6 22.g3 Bf8
23.Bg2 Rc8 24.Rc1 Qb8 25.Nc3 b5 26.c5 Nd5 27.Nxd5 exd5 28.Bf4 Qb7 29.Rfe1 Be7
30.Qf5 Nf8 31.h4 Rcd8 32.Bh3 Bf6 33.Bxh6 Bxd4 34.Bg5 Ra8 35.Qd3 Be5 36.Re2 f6
37.Bd2 Qf7 38.Rce1 Bc7 39.Bf5 Rxe2 40.Qxe2 a5 41.h5 axb4 42.axb4 Be5 43.Qg4 Ra2
44.Re2 Ra8 45.f4 Bd4+ 46.Kg2 Re8 47.Qf3 Kh8 48.Qd3 Rxe2+ 49.Qxe2 Kg8 50.g4 Qa7
51.g5 Qa2 52.Bd3 Qa1 53.Be1 Bc3 54.Bxc3 Qxc3 55.g6 f5 56.Qe7 Qf6 57.Qxf6 gxf6
58.Bxf5 Kg7 59.Kf3 Kh6 60.Ke3 Kg7 61.Bc8 Kh6 62.Bb7 Ne6 63.Bxc6 Kxh5 64.f5 Ng7  1-0

[Event "28th WJun Girls"]
[Site "Chotowa POL"]
[Date "2010.08.14"]
[Round "11"]
[White "Pratyusha,B"]
[Black "Cyboran,K"]
[Result "1-0"]
[WhiteElo "2073"]
[BlackElo "1777"]

1.e4 d5 2.exd5 Qxd5 3.Nc3 Qd6 4.d4 c6 5.Nf3 Nf6 6.Ne5 Bf5 7.Bc4 e6 8.Bf4 Qb4
9.Rb1 Nbd7 10.a3 Qa5 11.O-O Nxe5 12.Bxe5 O-O-O 13.b4 Qxe5 14.dxe5 Rxd1 15.Rbxd1 Ng4
16.Rfe1 Bxc2 17.Rd2 Bg6 18.f3 Nh6 19.g4 Be7 20.Ne4 a6 21.Nd6+ Kc7 22.Bd3 f5
23.h3 b5 24.Bc2 Bh4 25.Red1 Bg5 26.Re2 Rd8 27.Bb3 Nf7 28.Kg2 Bf4 29.gxf5 exf5
30.Bxf7 Bxf7 31.Rd4 g5 32.Rxf4 gxf4 33.Nxf7  1-0

[Event "SCCF State Championship"]
[Site "Los Angeles USA"]
[Date "2010.08.14"]
[Round "1"]
[White "Gupta,Ank"]
[Black "Lakdawala,C"]
[Result "1/2-1/2"]
[WhiteElo "2204"]
[BlackElo "2415"]

1.e4 d5 2.exd5 Qxd5 3.Nc3 Qd6 4.d4 Nf6 5.Bc4 a6 6.Nf3 b5 7.Bb3 Bb7 8.O-O e6
9.Re1 c5 10.a4 c4 11.Ba2 Qc6 12.Bg5 Nbd7 13.Qc1 Bb4 14.Qf4 Bxc3 15.bxc3 h6
16.Bxf6 Nxf6 17.Qg3 O-O 18.Ne5 Qc7 19.Rab1 Bd5 20.Rb4 Ne4 21.Qe3 Nd6 22.Qg3 Rfe8
23.f3 Ra7 24.Ng4 Kh7 25.Re5 f6 26.Re2 Qc6 27.Ne3 Rae7 28.Qg4 e5 29.Nf5 Nxf5
30.Qxf5+ g6 31.Qg4 h5 32.Qg3 exd4 33.Rxe7+ Rxe7 34.cxd4 Re2 35.h4 Qe6 36.Qc7+ Kh6
37.Qf4+ g5 38.hxg5+ fxg5 39.Qf8+ Kg6 40.axb5 Qe3+ 41.Kh2 Qd2 42.Qd6+ Re6
43.Qf8 Re2 44.Qd6+  1/2-1/2

[Event "e2e4 Autumn Women"]
[Site "Uxbridge ENG"]
[Date "2010.08.15"]
[Round "9"]
[White "Steil Antoni,F"]
[Black "Hoare,Amy"]
[Result "1/2-1/2"]
[WhiteElo "2193"]
[BlackElo "1909"]

1.e4 d5 2.exd5 Qxd5 3.Nc3 Qd6 4.d4 Nf6 5.Nf3 a6 6.g3 b5 7.Bg2 Bb7 8.O-O e6
9.Bf4 Qb6 10.a4 Bd6 11.a5 Qa7 12.Ne2 O-O 13.c3 Nbd7 14.Bxd6 cxd6 15.Nf4 Rac8
16.Re1 Rfd8 17.Qe2 h6 18.Nd2  1/2-1/2

[Event "Centenary IM"]
[Site "Dun Laoghaire IRL"]
[Date "2010.08.22"]
[Round "2"]
[White "Daly,C"]
[Black "Brady,S"]
[Result "1-0"]
[WhiteElo "2322"]
[BlackElo "2376"]

1.e4 d5 2.exd5 Qxd5 3.Nc3 Qd6 4.d4 Nf6 5.Nf3 a6 6.g3 b5 7.Bg2 Bb7 8.O-O e6
9.Re1 Be7 10.Bf4 Qb6 11.a4 b4 12.a5 Qa7 13.Na4 Nd5 14.Bg5 Nd7 15.c4 bxc3
16.bxc3 Bxg5 17.Nxg5 O-O 18.Qb1 N7f6 19.c4 h6 20.Ne4 Rab8 21.cxd5 Qxd4 22.Nxf6+ Qxf6
23.Qc2 Bxd5 24.Bxd5 exd5 25.Qxc7 Rfc8 26.Qe5 Qxe5 27.Rxe5 Rb5 28.Nb6 Rcc5
29.Rd1 Rxa5 30.Rdxd5 Rxd5 31.Rxd5 Rxd5 32.Nxd5 a5 33.Kf1 f6 34.Ke2 Kf7 35.Kd3 Ke6
36.Nb6 h5 37.Ke4  1-0

[Event "25th Open"]
[Site "Schwarzach AUT"]
[Date "2010.08.22"]
[Round "2"]
[White "Womacka,M"]
[Black "Pizzuto,S"]
[Result "1-0"]
[WhiteElo "2478"]
[BlackElo "2168"]

1.e4 d5 2.exd5 Qxd5 3.Nc3 Qd6 4.d4 Nf6 5.Nf3 c6 6.Ne5 Nbd7 7.Nc4 Qc7 8.Qf3 Nb6
9.Bf4 Qd8 10.Be5 Bg4 11.Qg3 h5 12.h3 h4 13.Qf4 Be6 14.Ne3 Nbd5 15.Nexd5 Nxd5
16.Qd2 Nxc3 17.bxc3 Qa5 18.Be2 Bd5 19.O-O O-O-O 20.Qd3 f6 21.Bh2 Bf7 22.Qe3 e6
23.Bc4 Qf5 24.d5 exd5 25.Qxa7 Bd6 26.Bxd6 Rxd6 27.Rab1 Rd7 28.Qa8+ Kc7 29.Rxb7+ Kd6
30.Qa3+  1-0

[Event "TCh-SRB 1st League"]
[Site "Vrnjacka Banja SRB"]
[Date "2010.08.22"]
[Round "2"]
[White "Strikovic,A"]
[Black "Milanovic,Da"]
[Result "0-1"]
[WhiteElo "2554"]
[BlackElo "2499"]

1.e4 d5 2.exd5 Qxd5 3.Nc3 Qd6 4.d4 Nf6 5.Nf3 c6 6.Ne5 Nbd7 7.Nc4 Qc7 8.Bg5 b5
9.Nd2 Bb7 10.Bd3 e6 11.Qe2 a6 12.a4 Be7 13.O-O O-O 14.Nce4 Rfe8 15.Qe3 Nd5
16.Qh3 Bxg5 17.Nxg5 h6 18.Nge4 e5 19.Qg3 Nf4 20.dxe5 Qxe5 21.Nf3 Qxe4 22.Rad1 Qb4
23.c3 Qd6 24.Nd4 g5 25.Bb1 c5 26.Nf5 Qf6 27.Ne3 Ne5 28.h4 Kf8 29.hxg5 Qxg5
30.Kh2 Qh5+ 31.Kg1 Bxg2 32.f3 Qh1+ 33.Kf2 Ned3+ 34.Bxd3 Nxd3+ 35.Ke2 Bxf1+
36.Rxf1 Rxe3+  0-1

[Event "USCL"]
[Site "ICC INT"]
[Date "2010.08.23"]
[Round "1"]
[White "Finn, Sean N"]
[Black "Costigan,R"]
[Result "0-1"]
[WhiteElo "2171"]
[BlackElo "2301"]

1.e4 d5 2.exd5 Qxd5 3.Nc3 Qd8 4.d4 Nf6 5.Bc4 a6 6.Nf3 b5 7.Bb3 c5 8.dxc5 Qxd1+
9.Nxd1 e6 10.Be3 Ne4 11.a4 b4 12.Ne5 Nxc5 13.a5 Bb7 14.Bxc5 Bxc5 15.Ba4+ Ke7
16.Nd3 Rc8 17.O-O Ra7 18.Ne3 Be4 19.Nxc5 Rxc5 20.Rfd1 Rb7 21.Rd4 Bc6 22.Bb3 Be8
23.Nc4 Rd7 24.Rh4 h6 25.Nb6 Rxa5 26.Re1 Re5 27.Ra1 Rd8 28.Rxb4 Rb5 29.Rxb5 axb5
30.h3 Nc6 31.c4 Rd2 32.cxb5 Nd4 33.Ra7+ Kf6 34.Nd7+ Bxd7 35.b6 Bc6 36.b7 Bxb7
37.Rxb7 Rxb2 38.Bd5 Rd2 39.Bc4 g5 40.Rb8 h5 41.Rh8 h4 42.Rb8 Ke5 43.Rg8 Kf4
44.Re8 Rd1+ 45.Kh2 Re1 46.Rd8 Ke5 47.Rg8 f6 48.Ra8 f5 49.Rd8 Rc1 50.Ba6 Rc2
51.Kg1 g4 52.hxg4 fxg4 53.Rh8 g3 54.fxg3 hxg3 55.Rf8 Nf5 56.Bf1 Rc1 57.Ra8 Ne3
58.Rf8 Ke4 59.Rf7 Rxf1+ 60.Rxf1 Nxf1 61.Kxf1 Ke3 62.Ke1 e5 63.Kf1 Kd2 64.Kg1 e4  0-1

[Event "Open"]
[Site "Bratto ITA"]
[Date "2010.08.25"]
[Round "6"]
[White "Guido,F"]
[Black "Grigore,Ge"]
[Result "0-1"]
[WhiteElo "2397"]
[BlackElo "2532"]

1.e4 d5 2.exd5 Qxd5 3.Nc3 Qd6 4.d4 Nf6 5.Nf3 g6 6.Bd3 Bg7 7.O-O O-O 8.h3 a6
9.Be3 Nbd7 10.Qe2 c5 11.Rad1 Qc7 12.a4 e6 13.Ne4 Nxe4 14.Bxe4 Nf6 15.Bd3 Nd5
16.c3 b6 17.dxc5 bxc5 18.Be4 Nxe3 19.Bxa8 Nxf1 20.Kxf1 a5 21.Be4 Qb6 22.Qc2 Ba6+
23.Bd3 c4 24.Be2 Rb8 25.Nd2 Qxb2 26.Qxb2 Rxb2 27.Nxc4 Ra2 28.Rd8+ Bf8 29.Bd3 Bxc4
30.Bxc4 Rxa4 31.Bb5 Ra1+ 32.Ke2 Kg7 33.Rd1 Ra3 34.Kd3 a4 35.Rd2 Ra1 36.Bc4 a3
37.Bb3 Be7 38.Rc2 Rd1+ 39.Rd2 Rg1 40.f3 Kf6 41.Kc4 h5 42.Ba2 h4 43.Kb5 Rc1
44.c4 g5 45.Bb3 Rb1 46.Ka4 Bc5 47.Kb5 Be3 48.Rd3 a2  0-1

[Event "46th Akiba Rubinstein Open A"]
[Site "Polanica Zdroj POL"]
[Date "2010.08.25"]
[Round "7"]
[White "Malec,S"]
[Black "Kocwin,B"]
[Result "0-1"]
[WhiteElo "2108"]
[BlackElo "2267"]

1.e4 d5 2.exd5 Qxd5 3.Nc3 Qd6 4.d4 Nf6 5.Nf3 Bg4 6.Bc4 a6 7.Qe2 Nc6 8.Be3 e6
9.O-O-O Ne7 10.h3 Bxf3 11.Qxf3 Ned5 12.Bg5 c6 13.Rhe1 Be7 14.Bxf6 gxf6 15.Ne4 Qf4+
16.Qxf4 Nxf4 17.Bf1 f5 18.Nd2 Ng6 19.Nf3 h5 20.c4 O-O-O 21.d5 cxd5 22.cxd5 Rxd5
23.Rxd5 exd5 24.Bd3 Bc5 25.Bxf5+ Kc7 26.Bxg6 fxg6 27.Re6 Rg8 28.Ne5 Bxf2
29.g4 hxg4 30.hxg4 g5 31.Nf7 Kd7 32.Rf6 Be3+ 33.Kc2 Bf4 34.Nh6 Re8 35.Nf5 Re2+
36.Kb3 Rxb2+ 37.Ka3 Rg2 38.Rf7+ Kc6 39.Ne7+ Kc5 40.Rf5 Kc4  0-1

[Event "TCh-SRB 1st League"]
[Site "Vrnjacka Banja SRB"]
[Date "2010.08.25"]
[Round "5"]
[White "Marinkovic,I"]
[Black "Ostojic,N1"]
[Result "1/2-1/2"]
[WhiteElo "2422"]
[BlackElo "2455"]

1.e4 d5 2.exd5 Qxd5 3.Nc3 Qd6 4.d4 Nf6 5.Nf3 c6 6.g3 Bg4 7.Bg2 e6 8.h3 Bxf3
9.Bxf3 Nbd7 10.O-O Qc7 11.Qe2 Be7 12.Ne4 Nxe4 13.Bxe4 Nf6 14.Bg2 O-O 15.c3 Rfd8
16.Bf4 Bd6 17.Bg5 Be7 18.Bf4 Bd6 19.Bg5  1/2-1/2

[Event "6th Prospero A Pichay Cup"]
[Site "Manila PHI"]
[Date "2010.08.26"]
[Round "9"]
[White "Phadke,So1"]
[Black "Halay,T"]
[Result "1/2-1/2"]
[WhiteElo "2232"]
[BlackElo "2358"]

1.e4 d5 2.exd5 Qxd5 3.Nc3 Qd6 4.d4 a6 5.Nf3 Nf6 6.g3 b5 7.Bg2 Bb7 8.Bf4 Qd8
9.O-O e6 10.Ne5 Bxg2 11.Kxg2 b4 12.Qf3 Ra7 13.Ne4 Nxe4 14.Qxe4 f6 15.Nd3 Qd5
16.Rfe1 Kf7 17.c4 bxc3 18.bxc3 Nc6 19.c4 Qxe4+ 20.Rxe4 g5 21.Bd2 f5 22.Ree1 Bg7
23.Bxg5 Bxd4 24.Rad1 a5 25.Be3 Bxe3 26.Rxe3 Re8 27.Ne5+  1/2-1/2

[Event "25th Open"]
[Site "Schwarzach AUT"]
[Date "2010.08.26"]
[Round "6"]
[White "Grimberg,B"]
[Black "Pizzuto,S"]
[Result "1-0"]
[WhiteElo "2355"]
[BlackElo "2168"]

1.e4 d5 2.exd5 Qxd5 3.Nc3 Qd6 4.d4 Nf6 5.Nf3 c6 6.Ne5 Nbd7 7.Nc4 Qc7 8.Qf3 Nb6
9.Bf4 Qd8 10.Be5 Bg4 11.Qg3 h5 12.h3 h4 13.Qf4 Be6 14.Nxb6 Qxb6 15.O-O-O Nd5
16.Nxd5 cxd5 17.Rd3 Bd7 18.Rb3 Qc6 19.Bb5 Qe6 20.Bd3 Bc6 21.Kb1 Qh6 22.Qf3 e6
23.Rxb7 f6 24.Bf4 g5 25.Qe2 Bd7 26.Bb5  1-0

[Event "TCh-SRB 1st League"]
[Site "Vrnjacka Banja SRB"]
[Date "2010.08.26"]
[Round "6"]
[White "Solak,D"]
[Black "Milanovic,Da"]
[Result "1/2-1/2"]
[WhiteElo "2567"]
[BlackElo "2499"]

1.e4 d5 2.exd5 Qxd5 3.Nc3 Qd6 4.d4 Nf6 5.Nf3 g6 6.Nb5 Qb6 7.Na3 c6 8.Nc4 Qc7
9.Nce5 Bg7 10.Bc4 Nd5 11.O-O Nd7 12.Nd3 O-O 13.Bb3 b5 14.Re1 N7b6 15.c3 a5
16.a3 Bf5 17.Nh4 Bxd3 18.Qxd3 e5 19.Nf3 exd4 20.Nxd4 Rad8 21.Bg5 Rd7 22.Rad1 b4
23.axb4 axb4 24.Qf3 bxc3 25.bxc3 Nxc3 26.Bf4 Qd8 27.Nxc6 Rxd1 28.Bxd1 Qf6
29.Bb3 Ncd5  1/2-1/2

[Event "TCh-SRB 1st League"]
[Site "Vrnjacka Banja SRB"]
[Date "2010.08.27"]
[Round "7"]
[White "Skoko,Mil"]
[Black "Saric,S"]
[Result "1/2-1/2"]
[WhiteElo "2209"]
[BlackElo "2447"]

1.e4 d5 2.exd5 Qxd5 3.Nc3 Qd6 4.d4 Nf6 5.Nf3 Nc6 6.Bb5 Nd5 7.Bd2 Nxc3 8.Bxc6+ bxc6
9.Bxc3 Qd5 10.h3 Ba6 11.Qd2 e6 12.Qe3 Rd8 13.Qe5 f6 14.Qxd5 cxd5 15.O-O-O Kf7
16.Rhe1 Rd7 17.b4 Bd6 18.a3 Re8 19.Nd2 c6 20.Nb3 Rde7 21.g3 e5 22.Re3 g5
23.Rh1 h6 24.h4 Kg6 25.hxg5 hxg5 26.Rhe1 e4 27.Bd2 f5 28.Na5 Bb5 29.c4 dxc4
30.Rc3 Bc7 31.Nxc4 Rd7 32.Nb2 Re6 33.a4 Ba6 34.Be3 f4 35.gxf4 gxf4 36.Bd2 Kf5
37.b5 Bb7 38.Rc5+ Rd5 39.Rxd5+ cxd5 40.Rg1 Re7 41.Bb4 Rh7 42.a5 Bc8 43.Na4 Bd7
44.Nc3 Be6 45.a6 Bd8 46.Bc5 f3 47.Kc2 Bg5 48.Rd1 e3 49.fxe3 Bxe3 50.Kd3 Bf4
51.b6 axb6 52.Bxb6 Bc8 53.a7 Ba6+ 54.Kc2 Rxa7 55.Bxa7 f2 56.Nxd5 f1=Q 57.Rxf1  1/2-1/2

[Event "TCh-SRB 1st League"]
[Site "Vrnjacka Banja SRB"]
[Date "2010.08.28"]
[Round "8"]
[White "Djuric,S"]
[Black "Milanovic,Da"]
[Result "0-1"]
[WhiteElo "2424"]
[BlackElo "2499"]

1.e4 d5 2.exd5 Qxd5 3.Nc3 Qd6 4.Nf3 Nf6 5.h3 a6 6.Bd3 Nbd7 7.O-O e6 8.Re1 Be7
9.a4 b6 10.Ne4 Qd5 11.b3 Bb7 12.Ng3 Qd6 13.Ba3 Qf4 14.Bxe7 Kxe7 15.Re3 Rhd8
16.a5 b5 17.Qe1 Kf8 18.Bf1 Nd5 19.Re4 Qf6 20.d4 Nf4 21.Re3 Nxh3+ 22.gxh3 Bxf3
23.Qc3 Bd5 24.Qxc7 Qxd4 25.Rae1 Nf6 26.c4 bxc4 27.bxc4 Rac8 28.Qb6 Qxb6 29.axb6 Bxc4
30.b7 Rc6 31.Rc3 Bd5 32.Rxc6 Bxc6 33.Bxa6 Nd7 34.Rb1 Nb8 35.Bf1 Ke7 36.Bg2 Kd7
37.Nh5 Kc7 38.Rb3 g6 39.Nf6 h5 40.Kh2 Rd2 41.Kg1 Rd4 42.Bxc6 Nxc6 43.Kg2 Rb4
44.Ne8+ Kxb7 45.Rxb4+ Nxb4 46.Nd6+ Kc6 47.Nxf7 Nd3 48.Kg3 e5 49.Kh4 Kd5 50.Kg5 e4
51.Kxg6 Nxf2 52.Ng5 e3 53.Kxh5 e2  0-1

[Event "9th Georgiev-Kesarovski Mem"]
[Site "Sunny Beach BUL"]
[Date "2010.08.29"]
[Round "2"]
[White "Mazura,T"]
[Black "Elayyash,Rawad"]
[Result "1-0"]
[WhiteElo "2028"]
[BlackElo "1830"]

1.e4 d5 2.exd5 Qxd5 3.Nc3 Qd6 4.d4 a6 5.Be2 Bf5 6.Be3 Nf6 7.Nf3 e6 8.O-O Nbd7
9.Qd2 Be7 10.Bf4 Qb6 11.d5 Bd6 12.dxe6 fxe6 13.Bxd6 cxd6 14.Nd4 O-O 15.Nxf5 exf5
16.Bc4+ Kh8 17.b3 Ne5 18.Bd5 Qc5 19.Be6 Ne4 20.Nxe4 fxe4 21.Bd5 Rac8 22.Bxe4 Rc7
23.Rad1 Rf6 24.Qd4 Qxd4 25.Rxd4 g5 26.Rfd1 Rd7 27.a4 h5 28.a5 Nc6 29.Bxc6 bxc6
30.Rb4 Rf5 31.Rb6 Rxa5 32.Rxc6 Kg7 33.g3 h4 34.h3 d5 35.gxh4 gxh4 36.Rd4 Ra1+
37.Kg2 a5 38.Rc5 Kf6 39.Rcxd5 Rg7+ 40.Kf3 Ke6 41.Rh5 Re1 42.Rdxh4 Rf7+ 43.Rf4 Ra7
44.Rff5 Kd6 45.Rxa5 Rxa5 46.Rxa5  1-0

[Event "17th Open A"]
[Site "Graz AUT"]
[Date "2010.08.30"]
[Round "3"]
[White "Huber,Ad"]
[Black "Wegerer,F"]
[Result "1-0"]
[WhiteElo "2072"]
[BlackElo "2207"]

1.e4 d5 2.exd5 Qxd5 3.Nc3 Qd6 4.Nf3 Nf6 5.h3 c6 6.d4 g6 7.Be2 Bg7 8.O-O O-O
9.Be3 Bf5 10.Qd2 Nbd7 11.a3 Nb6 12.Bf4 Qd8 13.Be5 a5 14.b4 axb4 15.axb4 Qd7
16.Bd3 Rfc8 17.Bxf5 Qxf5 18.Qe2 Qe6 19.Nd2 Nfd5 20.Bxg7 Qxe2 21.Nxe2 Kxg7
22.c3 Na4 23.c4 Nxb4 24.Rab1 c5 25.dxc5 Nc6 26.Rxb7 Nxc5 27.Rb5 Ne6 28.Nf3 Ra2
29.Re1 Rc2 30.Ng3 Rxc4 31.Ne5 Nxe5 32.Rbxe5 Rc1 33.Kf1 R8c5 34.Rxc5 Rxc5
35.Ne4 Rc2 36.Re2 Rc7 37.g3 Nd4 38.Ra2 f5 39.Nd2 e5 40.Kg2 e4 41.Ra4 Rd7
42.h4 Nc2 43.Nf1 Ne1+ 44.Kh3 h5 45.Ra1 Nd3 46.Kg2 Rb7 47.Ra2 Rb1 48.Nh2 Ne1+
49.Kh3 Rb3 50.Re2 Nd3 51.Kg2 Rb1 52.f3 Nc1 53.Rc2 e3 54.f4 Nd3 55.Re2 Rb3
56.Kf3 Nc5 57.Rxe3 Rb1 58.Re2 Ne4 59.Kg2 Kf6 60.Rc2 Rb3 61.Nf1 Ke7 62.Re2 Kd6
63.Re3 Rb2+ 64.Kg1 Kc5 65.Ra3 Kd4 66.Nh2 Kc5 67.Re3 Kc4 68.Nf3 Nxg3 69.Ne5+ Kd5
70.Rxg3 Ke4 71.Nxg6 Ra2 72.Rg2 Ra3 73.Kh2 Ra1 74.Rf2 Ra8 75.Ne5 Ke3 76.Rf3+ Ke4
77.Rf1 Rg8 78.Nf7 Rg4 79.Nd6+ Kd5 80.Nxf5 Ke6 81.Nh6 Rg7 82.Rg1 Ra7 83.Rg6+ Kd5
84.Kh3 Ke4 85.f5 Ra3+ 86.Rg3 Ra6 87.Rg6 Ra3+ 88.Kg2 Ra2+ 89.Kf1 Ra1+ 90.Ke2 Ra2+
91.Kd1 Rh2 92.f6 Rxh4 93.f7 Rf4 94.Rg8 h4 95.f8=Q Kd4  1-0

[Event "TCh-SRB 1st League"]
[Site "Vrnjacka Banja SRB"]
[Date "2010.08.30"]
[Round "10"]
[White "Blesic,V"]
[Black "Milanovic,Da"]
[Result "0-1"]
[WhiteElo "2383"]
[BlackElo "2499"]

1.e4 d5 2.exd5 Qxd5 3.Nc3 Qd6 4.d4 Nf6 5.Nb5 Qb6 6.c4 c6 7.c5 Qd8 8.Nc3 g6
9.Nf3 Bg7 10.Be2 O-O 11.O-O b6 12.Be3 Ng4 13.Bf4 bxc5 14.dxc5 Qa5 15.h3 Nf6
16.Be3 Rd8 17.Qc1 Ba6 18.a3 Bxe2 19.Nxe2 Nbd7 20.b4 Qa6 21.Ra2 Nd5 22.Rc2 Qa4
23.Bd4 Bxd4 24.Nexd4 e5 25.Ne2 a5 26.Rc4 axb4 27.Qh6 f6 28.axb4 Qa2 29.Rh4 Nf8
30.Ng3 Nf4 31.Rxf4 exf4 32.Qxf4 Qb2 33.Ne4 f5 34.Nd6 Rd7 35.Ne5 Re7 36.Qc4+ Kg7
37.f4 Ra2 38.Ne8+ Kh8  0-1

[Event "17th IM"]
[Site "Graz AUT"]
[Date "2010.09.01"]
[Round "5"]
[White "Poetz,F"]
[Black "Schreiner,Pe"]
[Result "0-1"]
[WhiteElo "2364"]
[BlackElo "2188"]

1.e4 d5 2.exd5 Qxd5 3.Nc3 Qd8 4.d4 Nf6 5.Nf3 Bg4 6.h3 Bxf3 7.Qxf3 c6 8.Be3 e6
9.Bd3 Nbd7 10.O-O-O Nb6 11.Ne4 Nxe4 12.Bxe4 f5 13.d5 Qf6 14.dxc6 fxe4 15.Qh5+ Qf7
16.Qb5 Qf5 17.Qb3 bxc6 18.Bxb6 axb6 19.Qxb6 Be7 20.Qb7 Bg5+ 21.Kb1 O-O 22.Rd7 Bf6
23.Qxc6 Qe5 24.c3 e3 25.fxe3 Rfc8 26.Qd6 Qe4+ 27.Qd3 Qa4 28.a3 Rxc3 29.bxc3 Rb8+
30.Kc1 Qxa3+ 31.Kd1 Qa1+ 32.Ke2 Qxh1 33.Kf3 Rf8  0-1

[Event "7th Malaysia Open"]
[Site "Kuala Lumpur MAS"]
[Date "2010.09.01"]
[Round "1"]
[White "Bennett,H"]
[Black "Wang Li"]
[Result "0-1"]
[WhiteElo "1975"]
[BlackElo "2391"]

1.e4 d5 2.exd5 Qxd5 3.Nc3 Qd6 4.d4 Nf6 5.g3 Bg4 6.Nf3 Nc6 7.Bf4 Qe6+ 8.Be3 O-O-O
9.Ng5 Qd7 10.f3 Bh5 11.Bb5 a6 12.Bxc6 Qxc6 13.O-O e5 14.d5 Nxd5 15.Nxd5 Rxd5
16.Qe2 Be7 17.Ne4 Rd7 18.Qf2 f5 19.Nc3 g5 20.Rae1 f4 21.Bc1 Bc5  0-1

[Event "7th Malaysia Open"]
[Site "Kuala Lumpur MAS"]
[Date "2010.09.02"]
[Round "2"]
[White "Verdiana,N"]
[Black "Panggabean,H"]
[Result "0-1"]
[WhiteElo "1899"]
[BlackElo "2212"]

1.e4 d5 2.exd5 Qxd5 3.Nc3 Qd6 4.d4 Nf6 5.Nf3 a6 6.h3 Bf5 7.Bc4 Nc6 8.Be3 e6
9.Qe2 Be7 10.Bb3 Na5 11.g4 Bg6 12.Ne5 Nd7 13.Nxg6 hxg6 14.Ne4 Qc6 15.f3 Nxb3
16.axb3 Nf6 17.Bf2 Nd5 18.Bg3 O-O-O 19.O-O-O f5 20.Nc5 Bxc5 21.dxc5 Rhe8
22.Be5 Qxc5 23.Rd4 Rd7 24.Rhd1 Red8 25.Re1 Nb4 26.Qc4 Qxc4 27.Rxc4 Nc6 28.Bc3 Re7
29.f4 Rh8 30.gxf5 gxf5 31.Rg1 Rh7 32.Kd1 Kd7 33.Ke2 Ke8 34.Kf2 Kf7 35.Rg3 Rd7
36.Ke2 g6 37.Ra4 Rh4 38.Rc4 Rd5 39.Re3 Rh5 40.Rg3 Rd8 41.Ra4 Ne7 42.Be5 c6
43.Ra1 Nd5 44.Rag1 Ne7 45.c4 Rh6 46.b4 Ng8 47.b5 axb5 48.cxb5 cxb5 49.Rc1  0-1

[Event "7th Malaysia Open"]
[Site "Kuala Lumpur MAS"]
[Date "2010.09.02"]
[Round "3"]
[White "Hukom,D"]
[Black "Wang Li"]
[Result "0-1"]
[WhiteElo "2130"]
[BlackElo "2391"]

1.e4 d5 2.exd5 Qxd5 3.Nc3 Qd6 4.d4 Nf6 5.Bc4 a6 6.Nf3 b5 7.Bd3 Bb7 8.O-O e6
9.Re1 Nbd7 10.Ne4 Qb6 11.a4 b4 12.a5 Qa7 13.Bf4 Bd5 14.c4 bxc3 15.bxc3 Be7
16.Nxf6+ Bxf6 17.Qa4 Rd8 18.Ne5 Bxe5 19.Bxe5 O-O 20.Qc2 h6 21.Bf4 c5 22.Re3 cxd4
23.Rg3 f5 24.Bxh6 Rf7 25.c4 Ba8 26.Bg5 Re8 27.Be2 Nc5 28.Bh5 Ne4 29.Bxf7+ Qxf7
30.Re1 Nxg3 31.hxg3 e5 32.Qa4 Re6 33.Qb4 Qe8 34.Qc5 Qc6 35.Qxc6 Bxc6 36.Rb1 Kf7
37.Rb6 Ba4 38.Rb4 Bc2 39.Rb6 Bd3 40.c5 Bb5 41.Bd2 Rc6 42.Bb4 Ke6 43.g4 fxg4
44.g3 Kd5 45.Rxc6 Kxc6 46.Ba3 Be2  0-1

[Event "17th Open A"]
[Site "Graz AUT"]
[Date "2010.09.03"]
[Round "7"]
[White "Schachinger,M"]
[Black "Tomazini,A"]
[Result "1/2-1/2"]
[WhiteElo "2353"]
[BlackElo "2234"]

1.e4 d5 2.exd5 Qxd5 3.Nc3 Qd8 4.g3 g6 5.Bg2 Bg7 6.Nge2 Nh6 7.O-O Nf5 8.Nd5 Nd7
9.Ne3 Nxe3 10.fxe3 h5 11.d4 h4 12.e4 hxg3 13.hxg3 Nf6 14.Qd3 Nh5 15.c3 e5
16.Qf3 O-O 17.dxe5 Bxe5 18.Bh6 Bg7 19.Rad1 Qe7 20.Bxg7 Kxg7 21.Nf4 Nf6 22.Nd5 Nxd5
23.exd5 Bd7 24.Qf4 Qd6 25.Rde1  1/2-1/2